01703cam a22003015a 45000010009000000050017000090080041000260200022000670200025000890400033001140820019001472450110001662600055002763000035003315000024003665040041003905050593004316500033010246500031010576510010010886530034010987000036011327000029011687000028011979420019012259990017012449520140012611471477720160203132616.0070124t2008 maua frb 001 0 eng d a0763735396 (pbk.) a9780763735395 (pbk.) aDNLM/DLCcDLCdEG-ScBUEbeng04a362.1222bINT00aIntroduction to public health in pharmacy /cedited by Bruce Lubotsky Levin, Peter D. Hurd, Ardis Hanson. aSudbury :bJones and Bartlett Publishers,cc.2008. axvii, 356 p. :bill. ;c26 cm. aIndex : p. 351-356. aIncludes bibliographical references.0 aIntroduction and overview of pharmacy and public health -- Applied epidemiology for pharmacists: basic concepts and principles -- Disease prevention and health promotion -- Environmental and occupational health -- Behavioral health -- Public health services -- Evaluation in pharmacy practice: evaluation and outcome assessment -- Financing -- Managed care pharmacy and public health -- Pharmacoeconomics -- Evolving issues in pharmacy practice, law and ethics -- Cultural perspectives -- Public health informatics -- Health emergency preparedness and response -- Education and training. 7aPublic health.2BUEsh939251 7aPharmacists.2BUEsh930130 2BUEsh bPPhrmcJuly2015cFebruary20161 aLevin, Bruce Lubotsky,eeditor.1 aHurd, Peter D.,eeditor.1 aHanson, Ardis,eeditor. 2ddck362.1 INT c20195d20167 00102ddc40708BaccahaMAINbMAINc1STd2015-07-05ePurchaseg620.00h22353l0o362.1 INTp000039407r2025-07-15 00:00:00v775.00yBB